Contractor selection for small buildings works in Hong Kong (Record no. 71274)

MARC details
000 -LEADER
fixed length control field 01345cam a2200301 4500
001 - CONTROL NUMBER
control field ABS65954
008 - FIXED-LENGTH DATA ELEMENTS--GENERAL INFORMATION
fixed length control field 021001n2002 000 0 eng u
035 ## - SYSTEM CONTROL NUMBER
System control number (Sirsi) u119953
100 ## - MAIN ENTRY--PERSONAL NAME
Personal name Yiu, C.Y.
245 ## - TITLE STATEMENT
Title Contractor selection for small buildings works in Hong Kong
260 ## - PUBLICATION, DISTRIBUTION, ETC.
Date of publication, distribution, etc. 2002
490 ## - SERIES STATEMENT
Series statement Structural Survey
Volume/sequential designation 20(4) 2002, 129-135 (6)
520 ## - SUMMARY, ETC.
Summary, etc. Research using Hong Kong case studies show that a contractor selection model for large scale works does not perform well in small works without the advice of building consultants. Reviews the building procurement mechanism in small building works in Hong Kong and argues that the employment of a property management agent is conducive to the contractor selection process. Further investigations into a contractor selection model for small building works are warranted. Tables and references. [Taken from journal abstract].
590 ## - LOCAL NOTE (RLIN)
Local note ABS
650 ## - SUBJECT ADDED ENTRY--TOPICAL TERM
Topical term or geographic name entry element Property management
9 (RLIN) 6262
650 ## - SUBJECT ADDED ENTRY--TOPICAL TERM
Topical term or geographic name entry element CONTRACTOR SELECTION
650 ## - SUBJECT ADDED ENTRY--TOPICAL TERM
Topical term or geographic name entry element SMALL BUILDING WORKS
650 ## - SUBJECT ADDED ENTRY--TOPICAL TERM
Topical term or geographic name entry element BUILT ENVIRONMENT
650 ## - SUBJECT ADDED ENTRY--TOPICAL TERM
Topical term or geographic name entry element BUILDING CONTRACTORS
650 ## - SUBJECT ADDED ENTRY--TOPICAL TERM
Topical term or geographic name entry element BUILT ENVIRONMENT-BUILDING MAINTENANCE AND REFURBISHMENT
650 ## - SUBJECT ADDED ENTRY--TOPICAL TERM
Topical term or geographic name entry element REPAIR WORK
650 ## - SUBJECT ADDED ENTRY--TOPICAL TERM
Topical term or geographic name entry element HONG KONG
690 ## - LOCAL SUBJECT ADDED ENTRY--TOPICAL TERM (OCLC, RLIN)
Topical term or geographic name as entry element INTERNATIONAL-ASIA
700 ## - ADDED ENTRY--PERSONAL NAME
Personal name Lo, S.M.
700 ## - ADDED ENTRY--PERSONAL NAME
Personal name Ng, S.T
700 ## - ADDED ENTRY--PERSONAL NAME
Personal name Ng, M.M.F.
942 ## - ADDED ENTRY ELEMENTS (KOHA)
Suppress in OPAC 0
Holdings
Withdrawn status Lost status Source of classification or shelving scheme Damaged status Not for loan Home library Current library Shelving location Date acquired Total Checkouts Full call number Barcode Date last seen Copy number Price effective from Koha item type
    Dewey Decimal Classification     London London Journal article 01/10/2002   ABS65954 119953-1001 06/08/2019 1 06/08/2019 Journal article